000
00238nam a22000857a 4500
008
160922b xxu||||| |||| 00| 0 eng d
100
_9
715
_a
Aggarwala.N.K
245
_a
Great Fun with Grammar-8
260
_a
New Delhi
_b
Macmillan Publications
_c
2012
999
_c
3372
_d
3372